000 00464nam a22001337a 4500
082 _aMSCS-1 SHA
100 _aNauman Shamim
_998352
245 _aDocument Zone Identification and Classification
260 _aIslamabad
_bNUST-SEECS
_c2015
300 _a37p.
_bill.;
_eCD ROM
500 _aSupervisors: Dr. Khalid Latif, Dr. Peter Bloodsworth, Dr. Hamid Mukhtar, Dr. Asad Anwar Butt
856 _uhttp://10.250.8.41:8080/xmlui/handle/123456789/8262
942 _cPR
_2ddc
999 _c13394
_d13394